100 Meilleurs Films IMDb - Statistiques

Statistiques générales
  • Ce quiz a été pris 687 fois
  • Le résultat moyen est 36 sur 100
Statistiques - réponses
Classement Sortie Casting (3 acteurs / actrices) Le Film % Correct
2 1972 Marlon Brando, Al Pacino, James Caan Le Parrain
93%
8 1994 John Travolta, Uma Thurman, Samuel L. Jackson Pulp Fiction
84%
12 1999 Brad Pitt, Edward Norton, Meat Loaf Fight Club
80%
11 1994 Tom Hanks, Robin Wright, Gary Sinise Forrest Gump
78%
3 2008 Christian Bale, Heath Ledger, Aaron Eckhart The Dark Knight
77%
9 2001 Elijah Wood, Ian McKellen, Orlando Bloom Le Seigneur des anneaux : La Communauté de l'anneau
73%
7 2003 Elijah Wood, Viggo Mortensen, Ian McKellen Le Seigneur des anneaux : Le Retour du roi
73%
13 2002 Elijah Wood, Ian McKellen, Viggo Mortensen Le Seigneur des anneaux : Les Deux Tours
73%
4 1974 Al Pacino, Robert De Niro, Robert Duvall Le Parrain, 2ème partie
72%
14 2010 Leonardo DiCaprio, Joseph Gordon-Levitt, Elliot Page Inception
71%
1 1994 Tim Robbins, Morgan Freeman, Bob Gunton Les évadés
71%
16 1999 Keanu Reeves, Laurence Fishburne, Carrie-Anne Moss Matrix
71%
22 2014 Matthew McConaughey, Anne Hathaway, Jessica Chastain Interstellar
69%
19 1995 Morgan Freeman, Brad Pitt, Kevin Spacey Seven
67%
47 2011 François Cluzet, Omar Sy, Anne Le Ny Intouchables
64%
60 2023 Cillian Murphy, Emily Blunt, Matt Damon Oppenheimer
64%
36 2000 Russell Crowe, Joaquin Phoenix, Connie Nielsen Gladiator
62%
38 1994 Jean Reno, Gary Oldman, Natalie Portman Léon
62%
15 1980 Mark Hamill, Harrison Ford, Carrie Fisher Star Wars V : L'Empire contre-attaque
61%
35 2019 Song Kang-ho, Lee Sun-kyun, Cho Yeo-jeong Parasite
59%
64 1980 Jack Nicholson, Shelley Duvall, Danny Lloyd Shining
59%
79 2019 Robert Downey Jr., Chris Evans, Mark Ruffalo Avengers : Endgame
58%
80 2019 Joaquin Phoenix, Robert De Niro, Zazie Beetz Joker
58%
10 1966 Clint Eastwood, Eli Wallach, Lee Van Cleef Le Bon, la brute et le truand
58%
23 1991 Jodie Foster, Anthony Hopkins Scott Glenn Le Silence des agneaux
58%
55 2012 Jamie Foxx, Christoph Waltz, Leonardo DiCaprio Django Unchained
57%
6 1993 Liam Neeson, Ralph Fiennes, Ben Kingsley La liste de Schindler
56%
17 1990 Robert De Niro, Ray Liotta, Joe Pesci Les affranchis
56%
28 1999 Tom Hanks, Michael Clarke Duncan, David Morse La ligne verte
55%
29 1977 Mark Hamill, Harrison Ford, Carrie Fisher Star Wars IV : Un nouvel espoir
55%
63 2018 Robert Downey Jr., Chris Hemsworth, Mark Ruffalo Avengers : Infinity War
49%
57 1981 Harrison Ford, Karen Allen, Paul Freeman Les Aventuriers de l'arche perdue
49%
92 1983 Mark Hamill, Harrison Ford, Carrie Fisher Star Wars VI : Le Retour du Jedi
49%
18 1975 Jack Nicholson, Louise Fletcher, Michael Berryman Vol au-dessus d'un nid de coucou
48%
33 2002 Adrien Brody, Thomas Kretschmann, Frank Finlay Le Pianiste
47%
52 1979 Sigourney Weaver, Tom Skerritt, John Hurt Alien - Le 8ème passager
46%
65 1940 Charles Chaplin, Paulette Goddard, Jack Oakie Le dictateur
46%
20 1946 James Stewart, Donna Reed, Lionel Barrymore La vie est belle
45%
26 1997 Roberto Benigni, Nicoletta Braschi, Giorgio Cantarini La vie est belle
45%
31 1985 Michael J. Fox, Christopher Lloyd, Lea Thompson Retour vers le futur
45%
48 1936 Charles Chaplin, Paulette Goddard, Henry Bergman Les temps modernes
44%
30 1991 Arnold Schwarzenegger, Linda Hamilton, Edward Furlong Terminator 2 : Le jugement dernier
44%
5 1957 Henry Fonda, Lee J. Cobb, Martin Balsam 12 Hommes en colère
42%
40 2006 Leonardo DiCaprio, Matt Damon, Jack Nicholson Les infiltrés
42%
68 1986 Sigourney Weaver, Michael Biehn, Carrie Henn Aliens : Le Retour
41%
24 1998 Tom Hanks, Matt Damon, Tom Sizemore Il faut sauver le soldat Ryan
38%
82 1997 Robin Williams, Matt Damon, Ben Affleck Good Will Hunting
37%
42 2006 Christian Bale, Hugh Jackman, Scarlett Johansson Le Prestige
37%
70 2012 Christian Bale, Tom Hardy, Anne Hathaway The Dark Knight Rises
37%
69 2009 Brad Pitt, Diane Kruger, Christopher Waltz Inglourious Basterds
35%
39 1998 Edward Norton, Edward Furlong, Beverly D'Angelo American History X
33%
50 1968 Henry Fonda, Charles Bronson, Claudia Cardinale Il était une fois dans l'Ouest
31%
93 2004 Jim Carrey, Kate Winslet, Tom Wilkinson Eternal Sunshine of the Spotless Mind
30%
41 2014 Miles Teller, J.K. Simmons, Melissa Benoist Whiplash
30%
100 1941 Orson Welles, Joseph Cotten, Dorothy Comingore Citizen Kane
29%
34 1960 Anthony Perkins, Janet Leigh, Vera Miles Psychose
29%
43 1995 Kevin Spacey, Gabriel Byrne, Chazz Palminteri Usual Suspects
29%
54 1979 Martin Sheen, Marlon Brando, Robert Duvall Apocalypse Now
27%
71 1999 Kevin Spacey, Annette Bening, Thora Birch American Beauty
25%
78 1995 Mel Gibson, Sophie Marceau, Patrick McGoohan Braveheart
25%
46 1942 Humphrey Bogart, Ingrid Bergman, Paul Henreid Casablanca
24%
73 2003 Choi Min-sik, Yoo Ji-tae, Kang Hye-jeong Old Boy
24%
96 1992 Harvey Keitel, Tim Roth, Michael Madsen Reservoir Dogs
23%
27 2023 Shameik Moore, Hailee Steinfeld, Brian Tyree Henry Spider-Man : Across the Spider-Verse
23%
66 2018 Shameik Moore, Jake Johnson, Hailee Steinfeld Spider-Man : New Generation
23%
84 1984 Robert De Niro, James Woods, Elizabeth McGovern Il était une fois en Amérique
22%
32 2001 Daveigh Chase, Suzanne Pleshette, Miyu Irino Le voyage de Chihiro
22%
56 2000 Guy Pearce, Carrie-Anne Moss, Joe Pantoliano Memento
19%
94 1968 Keir Dullea, Gary Lockwood, William Sylvester 2001 : L'Odyssée de l'espace
18%
89 2000 Ellen Burstyn, Jared Leto, Jennifer Connelly Requiem for a Dream
18%
51 1954 James Stewart, Grace Kelly, Wendell Corey Fenêtre sur cour
16%
37 1994 Matthew Broderick, Jeremy Irons, James Earl Jones Le Roi Lion
16%
21 1954 Toshirô Mifune, Takashi Shimura, Keiko Tsushima Les 7 Samouraïs
15%
81 1997 Yôji Matsuda, Yuriko Ishida, Yûko Tanaka Princesse Mononoké
15%
76 1995 Tom Hanks, Tim Allen, Don Rickles Toy Story
15%
53 1931 Charles Chaplin, Virginia Cherrill, Florence Lee Les lumières de la ville
13%
87 1952 Gene Kelly, Donald O'Connor, Debbie Reynolds Chantons sous la pluie
12%
44 1988 Tsutomu Tatsumi, Ayano Shiraishi, Akemi Yamaguchi Le tombeau des lucioles
12%
45 1962 Tatsuya Nakadai, Akira Ishihama, Shima Iwashita Harakiri
11%
25 2002 Alexandre Rodrigues, Leandro Firmino, Matheus Nachtergaele La cité de Dieu
11%
95 2012 Mads Mikkelsen, Thomas Bo Larsen, Annika Wedderkopp La Chasse
10%
98 1962 Peter O'Toole, Alec Guinness, Anthony Quinn Lawrence d'Arabie
10%
75 1984 F. Murray Abraham, Tom Hulce, Elizabeth Berridge Amadeus
8%
49 1988 Philippe Noiret, Enzo Cannavale, Antonella Attili Cinéma Paradiso
8%
59 2006 Ulrich Mühe, Martina Gedeck, Sebastian Koch La vie des autres
8%
62 1957 Kirk Douglas, Ralph Meeker, Adolphe Menjou Les sentiers de la gloire
8%
91 2010 Tom Hanks, Tim Allen, Joan Cusack Toy Story 3
8%
83 2016 Ryunosuke Kamiki, Mone Kamishiraishi, Ryo Narita Your Name
7%
74 2017 Anthony Gonzalez, Gael García Bernal, Benjamin Bratt Coco
6%
58 2008 Ben Burtt, Elissa Knight, Jeff Garlin Wall-E
6%
72 1964 Peter Sellers, George C. Scott, Sterling Hayden Dr. Folamour ou : Comment j'ai appris à ne plus m'en faire et à aimer la bombe !
5%
77 1981 Jürgen Prochnow, Herbert Grönemeyer, Klaus Wennemann Le Bateau
3%
90 1985 Aleksey Kravchenko, Olga Mironova, Liubomiras Laucevicius Requiem pour un massacre - Va et regarde
3%
61 1950 William Holden, Gloria Swanson, Erich von Stroheim Boulevard du Crépuscule
2%
99 1960 Jack Lemmon, Shirley MacLaine, Fred MacMurray La garçonnière
2%
97 1952 Takashi Shimura, Nobuo Kaneko, Shin'ichi Himori Vivre
2%
86 2009 Aamir Khan, Madhavan, Mona Singh 3 Idiots
1%
88 2018 Zain Al Rafeea, Yordanos Shiferaw, Boluwatife Treasure Bankole Capharnaüm
1%
85 1963 Toshirô Mifune, Yutaka Sada, Tatsuya Nakadai Entre le ciel et l'enfer
1%
67 1957 Tyrone Power, Marlene Dietrich, Charles Laughton Témoin à charge
1%
Aucun quiz correspondant
Distribution des résultats
% des personnes avec chaque résultat
Percentile par nombre de réponses
Votre historique - résultats
Vous n’avez pas pris ce quiz